书目信息 |
| 题名: |
化学学科发展报告
|
|
| 作者: | ;中国科学技术协会 主编 ;中国化学会 编著 | |
| 分册: | 2012-2013 | |
| 出版信息: | 北京 中国科学技术出版社 2014 |
|
| 页数: | 272页 | |
| 开本: | 26cm | |
| 丛书名: | ||
| 单 册: | ||
| 中图分类: | O6-12 | |
| 科图分类: | ||
| 主题词: | 化学--学科发展--研究报告--中国--2012-2013 , 化学 , 学科发展 | |
| 电子资源: | ||
| ISBN: | 978-7-5046-6525-6 | |
| 000 | 01091nam0 2200277 450 | |
| 001 | 012015000743 | |
| 005 | 20150914154240.04 | |
| 010 | @a978-7-5046-6525-6@dCNY62.00 | |
| 100 | @a20140702d2014 em y0chiy50 ea | |
| 101 | 0 | @achi@deng@eeng |
| 102 | @aCN@b110000 | |
| 105 | @ay z 001yy | |
| 106 | @ar | |
| 200 | 1 | @a化学学科发展报告@Ahua xue xue ke fa zhan bao gao@h2012-2013@dReport on advances in chemistry@h2012-2013@zeng@f中国科学技术协会主编@g中国化学会编著 |
| 210 | @a北京@c中国科学技术出版社@d2014 | |
| 215 | @a272页@d26cm | |
| 330 | @a本书由综合报告、专题报告和附录三部分构成。内容设计与经济发展和民主相关的特点领域,主要内容包括:化学进展、稀土材料与化学、锂离子电池与太阳能电池研究进展等。 | |
| 510 | 1 | @aReport on advances in chemistry@h2012-2013@zeng |
| 606 | 0 | @a化学@x学科发展@x研究报告@y中国@z2012-2013 |
| 606 | 0 | @a化学 |
| 606 | 0 | @a学科发展 |
| 690 | @aO6-12@v5 | |
| 711 | 02 | @a中国科学技术协会@Azhong guo ke xue ji shu xie hui@4主编 |
| 712 | 02 | @a中国化学会@Azhong guo hua xue hui@4编著 |
| 801 | 0 | @aCN@b碧洲教育@c20150718 |
| 905 | @a10447@f4@dO6-12@e450 | |
| 化学学科发展报告.2012-2013=Report on advances in chemistry.2012-2013/中国科学技术协会主编/中国化学会编著.-北京:中国科学技术出版社,2014 |
| 272页;26cm |
| ISBN 978-7-5046-6525-6:CNY62.00 |
| 本书由综合报告、专题报告和附录三部分构成。内容设计与经济发展和民主相关的特点领域,主要内容包括:化学进展、稀土材料与化学、锂离子电池与太阳能电池研究进展等。 |
| ● |
| 相关链接 |
|
|
|
|
正题名:化学学科发展报告
索取号:O6-12/450
 
预约/预借
| 序号 | 登录号 | 条形码 | 馆藏地/架位号 | 状态 | 备注 |
| 1 | 0848204 | 208482042 | 第二样本阅览室/ [索取号:O6-12/450] | 在馆 | |
| 2 | 0848205 | 208482051 | 第三借阅区/ [索取号:O6-12/450] | 在馆 | |
| 3 | 0848206 | 208482060 | 第三借阅区/ [索取号:O6-12/450] | 在馆 | |
| 4 | 0848207 | 208482079 | 化学系资料室/ [索取号:O6-12/450] | 在馆 |